000 01241nam a22003977a 4500
001 0051648
003 KOHA_MİRAKIL
005 20260207003813.0
007 ta
008 150629b2013 tu |||gr||||#||||0|tur |
020 _a9786051336961
040 _aTR-BiSEU
_btur
_cTR-BiSEU
_erda
041 0 _atur
044 _ctu
050 _aBJ2007.T83
_bA98 2013
100 1 _aAytürk, Nihat.
245 1 _aSosyal davranış :
_bsosyal yaşamda davranış kuralları/
_cNihat Aytürk ; Nihat Aytürk.
250 _aYenilenmiş ve Genişletilmiş 2. Basım
264 1 _aAnkara :
_bNobel
_c2013
300 _aXIV, 340 sayfa; 20 cm.
336 _ametin
_btxt
_2rdacontent
337 _aaracısız
_bn
_2rdamedia
338 _acilt
_bnc
_2rdacarrier
490 1 _aYayın No ;
_v795.
490 1 _aKişsel Gelişim No ;
_v163.
500 _aKaynakça var.
650 0 _aGörgü kuralları.
_932244
650 0 _aEtiquette.
_933081
650 0 _aDiplomatik görgü kuralları.
_996209
650 0 _aDiplomatic etiquette.
_996210
650 0 _aUluslararası ilişkiler.
_97041
650 0 _aInterpersonal relations.
_99209
830 1 _aYayın No ;
_v795.
_91861
830 1 _aKişsel Gelişim No ;
_v163.
_995967
942 _2lcc
_cBK
999 _c51468
_d51468